| 000 -LEADER |
| fixed length control field |
01766cam a2200349 a 4500 |
| 001 - CONTROL NUMBER |
| control field |
16557853 |
| 003 - CONTROL NUMBER IDENTIFIER |
| control field |
OSt |
| 005 - DATE AND TIME OF LATEST TRANSACTION |
| control field |
20180116192416.0 |
| 008 - FIXED-LENGTH DATA ELEMENTS--GENERAL INFORMATION |
| fixed length control field |
101130r20112006enkae b 001 0 eng |
| 010 ## - LIBRARY OF CONGRESS CONTROL NUMBER |
| LC control number |
2010050633 |
| 020 ## - INTERNATIONAL STANDARD BOOK NUMBER |
| International Standard Book Number |
9782940222384 (EPFL Press) |
| 020 ## - INTERNATIONAL STANDARD BOOK NUMBER |
| International Standard Book Number |
9780415610292 (pbk. : alk. paper) |
| 040 ## - CATALOGING SOURCE |
| Original cataloging agency |
DLC |
| Transcribing agency |
DLC |
| Modifying agency |
DLC |
| 041 1# - LANGUAGE CODE |
| Language code of text/sound track or separate title |
eng |
| Language code of original |
ita |
| 050 00 - LIBRARY OF CONGRESS CALL NUMBER |
| Classification number |
NA2750 |
| Item number |
.M8813 2011 |
| 082 00 - DEWEY DECIMAL CLASSIFICATION NUMBER |
| Classification number |
721 |
| Edition number |
22 |
| 100 1# - MAIN ENTRY--PERSONAL NAME |
| Personal name |
Muttoni, A. |
| Fuller form of name |
(Aurelio), |
| Dates associated with a name |
1958- |
| 9 (RLIN) |
6573 |
| 240 10 - UNIFORM TITLE |
| Uniform title |
Arte delle strutture. |
| Language of a work |
English |
| 245 14 - TITLE STATEMENT |
| Title |
The art of structures ; |
| Remainder of title |
introduction to the functioning of structures in architecture / |
| Statement of responsibility, etc. |
Aurelio Muttoni ; translated from the Italian by Stephen Piccolo. |
| 250 ## - EDITION STATEMENT |
| Edition statement |
1st ed. |
| 260 ## - PUBLICATION, DISTRIBUTION, ETC. |
| Place of publication, distribution, etc. |
Abingdon, Oxford, UK ; |
| -- |
New York, NY : |
| Name of publisher, distributor, etc. |
EPFL Press/Routledge, |
| Date of publication, distribution, etc. |
c2011. |
| 300 ## - PHYSICAL DESCRIPTION |
| Extent |
xi, 269 p. : |
| Other physical details |
ill., plans ; |
| Dimensions |
25 cm. |
| 500 ## - GENERAL NOTE |
| General note |
Originally published: L'arte delle strutture. Mendrisio [Switzerland] : Accademia di architettura-Università della Svizzera italiana, 2006. |
| 504 ## - BIBLIOGRAPHY, ETC. NOTE |
| Bibliography, etc. note |
Includes bibliographical references and index. |
| 505 0# - FORMATTED CONTENTS NOTE |
| Formatted contents note |
Introduction -- Forces and equilibrium, internal forces, strength and stiffness -- Cables -- Cable networks, tents, and membranes -- Arches -- Vaults, domes and shells -- Arch-cables -- Trusses -- Spacetrusses -- Beams -- Frames -- Wall beams and deep walls -- Ribbed slabs, beam grids, and slabs -- Stability of elements in compression. |
| 650 #0 - SUBJECT ADDED ENTRY--TOPICAL TERM |
| Topical term or geographic name entry element |
Architectural design. |
| 9 (RLIN) |
6574 |
| 650 #0 - SUBJECT ADDED ENTRY--TOPICAL TERM |
| Topical term or geographic name entry element |
Structural design. |
| 9 (RLIN) |
6575 |
| 906 ## - LOCAL DATA ELEMENT F, LDF (RLIN) |
| a |
7 |
| b |
cbc |
| c |
orignew |
| d |
1 |
| e |
ecip |
| f |
20 |
| g |
y-gencatlg |
| 942 ## - ADDED ENTRY ELEMENTS (KOHA) |
| Source of classification or shelving scheme |
|
| Koha item type |
Book |